Normal view
MARC view
- الوعي العلمي-جدل
Entry Topical Term
001 - CONTROL NUMBER
- control field: 57728
003 - CONTROL NUMBER IDENTIFIER
- control field: JO-AjAnu
005 - DATE AND TIME OF LATEST TRANSACTION
- control field: 20230606083442.0
008 - FIXED-LENGTH DATA ELEMENTS
- fixed length control field: 230606|| aca||aabn | a|a d
040 ## - CATALOGING SOURCE
- Original cataloging agency: JO-AjAnu
- Transcribing agency: JO-AjAnu
150 ## - HEADING--TOPICAL TERM
- Topical term or geographic name entry element: الوعي العلمي-جدل
670 ## - SOURCE DATA FOUND
- Source citation: Work cat.: (JO-AjAnu)29454: غضيب، هشام, author 57727, جدل الوعي العلمي: اشكالات الانتاج الاجتماعي للمعرفة